Music Quiz

Random Music or Clickable Quiz

Band Members Quiz Stats

Quiz not verified by Sporcle

Challenge
Share
Tweet
Embed
Score 0/10 Timer 05:00
0 Plays Today
% Correct
Dave Navarro
87%
Mick Taylor
87%
Adam Clayton
78.3%
Tony Banks
73.9%
James Iha
65.2%
Chris Shiflett
56.5%
Dominic Howard
56.5%
Joey Santiago
56.5%
Porl Thompson
39.1%
Adam Zindani
39.1%

You're not logged in!

Compare scores with friends on all Sporcle quizzes.
Join for Free
OR
Log In

You Might Also Like...

Show Comments

Extras

Top Quizzes Today


Score Distribution

Your Account Isn't Verified!

In order to create a playlist on Sporcle, you need to verify the email address you used during registration. Go to your Sporcle Settings to finish the process.

Report this User

Report this user for behavior that violates our Community Guidelines.

Details: